| 000 | 00827nam a2200277Ia 4500 | ||
|---|---|---|---|
| 001 | Para_3539 | ||
| 003 | CHAP | ||
| 008 | 220125s1907 xx 000 0 und d | ||
| 010 | _a202063 | ||
| 040 | _cCHAP | ||
| 090 | _aPA FOLLETO 1136 | ||
| 100 |
_aPenny, Charles L _986716 |
||
| 245 |
_aHome-Made miscible oils / _c Charles L. Penny Orchard tests of miscible oils |
||
| 260 |
_aNewark, Delaware : _b Agricultural Experiment Station |
||
| 300 | _a40 p. | ||
| 440 |
_aDelaware. Agri. Exp. Sta., Bull.; 79 _9167047 |
||
| 650 |
_aInsecticidas Orchard tests of miscible oils _9167048 |
||
| 700 |
_aHoughton, C. O. _956435 |
||
| 901 | _aPA FOLLETO 1136 | ||
| 902 | _aA | ||
| 905 | _a0000001907 NEW 0000000000 00 | ||
| 910 | _a1907 | ||
| 942 | _cPARA | ||
| 942 |
_cPARA _d1 |
||
| 999 |
_c202063 _d202063 |
||